LIBRARY & INFORMATION CENTRE, KCAET, TAVANUR

ONLINE PUBLIC ACCESS CATALOGUE (OPAC)

Cost tools / (Record no. 1687)

MARC details
000 -LEADER
fixed length control field 00383cam a2200169ua 4500
003 - CONTROL NUMBER IDENTIFIER
control field OSt
008 - FIXED-LENGTH DATA ELEMENTS--GENERAL INFORMATION
fixed length control field 250325b |||||||| |||| 00| 0 eng d
041 ## - LANGUAGE CODE
Language code of text/sound track or separate title eng
082 ## - DEWEY DECIMAL CLASSIFICATION NUMBER
Classification number 621.902
Item number EMI/CA
100 ## - MAIN ENTRY--AUTHOR NAME
Personal name Eminger, Z .
245 ## - TITLE STATEMENT
Title Cost tools /
250 ## - EDITION STATEMENT
Edition statement 1 /
260 ## - PUBLICATION, DISTRIBUTION, ETC. (IMPRINT)
Place of publication :
Name of publisher Artia-Prague ,
Year of publication 1957.
300 ## - PHYSICAL DESCRIPTION
Number of Pages 229 ; .
700 1# - ADDED ENTRY--PERSONAL NAME
Personal name Kuslev, V .
942 ## - ADDED ENTRY ELEMENTS (KOHA)
Koha item type Books
Holdings
Withdrawn status Lost status Damaged status Home library Current library Date acquired Full call number Accession Number Koha item type
      KAUAET KAUAET 07/04/2012 621.902 EMI/CA 3543 Books
free website counter